PHILLIPS SCIENCE OF DENTAL MATERIALS (Record no. 3213)

MARC details
000 -LEADER
fixed length control field 00362nam a2200145Ia 4500
008 - FIXED-LENGTH DATA ELEMENTS--GENERAL INFORMATION
fixed length control field 150201s2004 xx 000 0 und d
082 ## - DEWEY DECIMAL CLASSIFICATION NUMBER
Classification number 617.6
Item number P2004A
100 ## - MAIN ENTRY--PERSONAL NAME
Personal name ANUSAVICE
245 ## - TITLE STATEMENT
Title PHILLIPS SCIENCE OF DENTAL MATERIALS
250 ## - EDITION STATEMENT
Edition statement 11TH
260 ## - PUBLICATION, DISTRIBUTION, ETC. (IMPRINT)
Name of publisher, distributor, etc. SAUNDERS
Place of publication, distribution, etc. PHILADELPHIA
Date of publication, distribution, etc. 2004
300 ## - PHYSICAL DESCRIPTION
Extent 1-805
650 ## - SUBJECT ADDED ENTRY--TOPICAL TERM
Topical term or geographic name as entry element PROSTHODONTICS
942 ## - ADDED ENTRY ELEMENTS (KOHA)
Source of classification or shelving scheme Dewey Decimal Classification
Koha item type Books
Koha issues (borrowed), all copies 28
Holdings
Withdrawn status Lost status Source of classification or shelving scheme Damaged status Not for loan Home library Current library Date acquired Source of acquisition Cost, normal purchase price Serial Enumeration / chronology SGTU Bill Number Total Checkouts Full call number Barcode Date last seen Date last checked out Bill Date Koha item type Checked out
    Dewey Decimal Classification     SGT Dental Library SGT Dental Library 10/03/2005 U.B.S.DELHI 795.00 1 SGTU 1305 8 617.6 P2004A FD3309 22/09/2023 22/09/2023 28/04/2012 Books  
    Dewey Decimal Classification     SGT Dental Library SGT Dental Library 10/03/2005 U.B.S.DELHI 795.00 1 SGTU 1305   617.6 P2004A FD3310 09/02/2015   28/04/2012 Books  
    Dewey Decimal Classification     SGT Dental Library SGT Dental Library 10/03/2005 U.B.S.DELHI 795.00 1 SGTU 1305 6 617.6 P2004A FD3311 02/06/2025 05/05/2025 28/04/2012 Books  
    Dewey Decimal Classification     SGT Dental Library SGT Dental Library 15/01/2007 U.B.S.DELHI 850.00 1 SGTU 1048 14 617.695 P2007A FD4401 01/04/2026 01/04/2026 23/08/2012 Books 01/05/2026
    Dewey Decimal Classification     SGT Dental Library SGT Dental Library 15/01/2007 U.B.S.DELHI 850.00 1 SGTU 1048 38 617.695 P2007A FD4402 05/06/2018 04/05/2018 23/08/2012 Books  
    Dewey Decimal Classification     SGT Dental Library SGT Dental Library 15/01/2007 U.B.S.DELHI 850.00 1 SGTU 1048 15 617.695 P2007A FD4403 03/09/2025 08/08/2025 23/08/2012 Books  
    Dewey Decimal Classification     SGT Dental Library SGT Dental Library 15/01/2007 U.B.S.DELHI 850.00 1 SGTU 1048 20 617.695 P2007A FD4404 24/10/2025 10/10/2025 23/08/2012 Books  
    Dewey Decimal Classification     SGT Dental Library SGT Dental Library 15/01/2007 U.B.S.DELHI 850.00 1 SGTU 1048   617.695 P2007A FD4405 09/02/2015   23/08/2012 Books